[Event "V Open Primavera"]
[Site "Como ITA"]
[Date "2010.05.06"]
[Round "4"]
[White "Dal Lago, Emilio"]
[Black "Orsenigo, Davide"]
[Result "0-1"]
[WhiteElo "1385"]
[BlackElo "1860"]
[PlyCount "66"]
[EventDate "2010.04.15"]

1. g3 d5 2. Bg2 Nf6 3. d3 c5 4. Nd2 Nc6 5. h3 e5 6. e4 Be6 7. a3 Bd6 8. Ne2 Nd4
9. c3 Nxe2 10. Qxe2 O-O 11. O-O dxe4 12. dxe4 Qb6 13. Re1 Bc7 14. b4 Rfd8 15.
Nf3 Qd6 16. Bg5 Qd3 17. Qb2 cxb4 18. cxb4 h6 19. Bh4 g5 20. Nxg5 hxg5 21. Bxg5
Kg7 22. Qc1 Rd7 23. Bh6+ Kh7 24. Qg5 Rg8 25. Qh4 Rg6 26. Bg5+ Kg7 27. Re3 Qd4
28. Re2 Qxa1+ 29. Kh2 Nh7 30. f4 exf4 31. gxf4 Nxg5 32. e5 Nh7 33. Be4 Qg1# 0-1

[Event "V Open Primavera"]
[Site "Como ITA"]
[Date "2010.05.06"]
[Round "4"]
[White "Lipari, Alberto"]
[Black "Corti, Filippo"]
[Result "1-0"]
[WhiteElo "1559"]
[BlackElo "1721"]
[PlyCount "77"]
[EventDate "2010.04.15"]

1. c4 Nf6 2. d4 g6 3. Bg5 Bg7 4. Nc3 h6 5. Bh4 c5 6. e3 Qa5 7. Bd3 cxd4 8. exd4
Nc6 9. Nge2 d6 10. O-O O-O 11. a3 Qh5 12. Bg3 Nd7 13. Be4 Qa5 14. b4 Qd8 15.
Qd3 Nf6 16. Rad1 Nxe4 17. Nxe4 Bf5 18. d5 Ne5 19. Bxe5 Bxe5 20. f4 Bg7 21. N2g3
Bg4 22. Rd2 a5 23. b5 Qb6+ 24. Kh1 Bd7 25. f5 Be5 26. f6 e6 27. c5 Qxb5 28. Qe3
Bxg3 29. Nxg3 Kh7 30. Rd4 Qxc5 31. Rc1 Qb6 32. dxe6 Bxe6 33. Ne4 Rac8 34. Rxc8
Rxc8 35. h3 Rc4 36. Ng5+ Kg8 37. Nxe6 Qb1+ 38. Kh2 Qb6 39. Qxh6 1-0

[Event "V Open Primavera"]
[Site "Como ITA"]
[Date "2010.05.06"]
[Round "4"]
[White "Novi', Giuseppe"]
[Black "Luppi, Dario"]
[Result "0-1"]
[WhiteElo "1824"]
[BlackElo "1739"]
[PlyCount "72"]
[EventDate "2010.04.15"]

1. e4 d5 2. exd5 Qxd5 3. Nf3 Nf6 4. Nc3 Qd6 5. h3 a6 6. Bc4 b5 7. Bb3 Bb7 8.
O-O e6 9. Re1 Nbd7 10. a3 Be7 11. Ng5 Nd5 12. Nge4 Qb6 13. Nxd5 Bxd5 14. Bxd5
exd5 15. Nc3 Qd6 16. Qe2 Nb6 17. d3 f6 18. Bf4 Qd7 19. Be3 Nc8 20. Bc5 c6 21.
Qh5+ g6 22. Qh6 Kf7 23. Be3 d4 24. Bxd4 Qxd4 25. Re4 Qd8 26. Rae1 Ra7 27. Re6
Bf8 28. Qf4 Bd6 29. Qf3 Rc7 30. R6e2 Kg7 31. Re6 Rf8 32. Ne4 f5 33. Ng3 Rff7
34. Re8 Qd7 35. Nh5+ gxh5 36. Qg3+ Bxg3 0-1

[Event "V Open Primavera"]
[Site "Como ITA"]
[Date "2010.05.06"]
[Round "4"]
[White "Pede, Lucio"]
[Black "Ghezzi, Carlo"]
[Result "1-0"]
[WhiteElo "1874"]
[BlackElo "1688"]
[PlyCount "59"]
[EventDate "2010.04.15"]

1. e4 g6 2. d4 d6 3. f4 Bg7 4. Nf3 Bg4 5. Be3 Nf6 6. Bd3 O-O 7. Nbd2 a6 8. h3
Bd7 9. Qe2 b5 10. f5 Qc8 11. g4 c5 12. c3 c4 13. Bc2 Nc6 14. d5 Ne5 15. Nxe5
dxe5 16. Nf3 Qc7 17. Qh2 Ne8 18. h4 Qd6 19. h5 g5 20. Nxg5 Bh6 21. Bd2 Rb8 22.
Nf3 Bxd2+ 23. Kxd2 b4 24. Qxe5 bxc3+ 25. bxc3 Qb6 26. Qd4 Qc7 27. e5 e6 28. f6
exd5 29. Qf4 Nxf6 30. Qg5+ 1-0

[Event "V Open Primavera"]
[Site "Como ITA"]
[Date "2010.05.06"]
[Round "4"]
[White "Primerano, Carlo"]
[Black "Croso, Marco"]
[Result "1/2-1/2"]
[WhiteElo "1758"]
[BlackElo "1817"]
[PlyCount "98"]
[EventDate "2010.04.15"]

1. d4 d5 2. c4 e6 3. Nc3 Nf6 4. cxd5 exd5 5. Bg5 Be7 6. Qc2 O-O 7. e3 c6 8. Bd3
Nbd7 9. Nf3 Re8 10. O-O h6 11. Bh4 Ne4 12. Bxe7 Qxe7 13. Rab1 Ng5 14. Nxg5 Qxg5
15. Ne2 Nf6 16. Ng3 h5 17. b4 Bd7 18. b5 h4 19. Ne2 Bh3 20. Nf4 Bxg2 21. Nxg2
h3 22. f4 Qxg2+ 23. Qxg2 hxg2 24. Rfe1 Ng4 25. e4 dxe4 26. Bxe4 cxb5 27. Kxg2
Re7 28. Bh7+ Kf8 29. Rxe7 Kxe7 30. Be4 a6 31. Bxb7 Ra7 32. Bf3 Ne3+ 33. Kf2 Nf5
34. d5 Rc7 35. Be4 Nd6 36. Bd3 Rc3 37. Ke3 a5 38. Kd4 b4 39. a3 Rxa3 40. Re1+
Kd7 41. h4 Ra2 42. f5 Rf2 43. Ra1 Nxf5+ 44. Bxf5+ Rxf5 45. Rxa5 Rf4+ 46. Ke5
Rxh4 47. Ra7+ Ke8 48. Ra8+ Kd7 49. Ra7+ Ke8 1/2-1/2

[Event "V Open Primavera"]
[Site "Como ITA"]
[Date "2010.05.13"]
[Round "5"]
[White "Corti, Filippo"]
[Black "Bassoli, Andrea D."]
[Result "1-0"]
[WhiteElo "1721"]
[BlackElo "1550"]
[PlyCount "103"]
[EventDate "2010.04.15"]

1. Nf3 d5 2. g3 f5 3. Bg2 Nf6 4. d3 e6 5. Bg5 Be7 6. Nbd2 O-O 7. O-O c6 8. c3
a5 9. a4 Nbd7 10. Qc2 b6 11. Rac1 Qc7 12. Qb3 Nc5 13. Qc2 Bd7 14. c4 dxc4 15.
Nxc4 Bd6 16. Nxd6 Qxd6 17. Bf4 Qe7 18. Ne5 Rac8 19. Nxd7 Qxd7 20. Be3 Rfd8 21.
Bxc5 bxc5 22. Qxc5 Qd4 23. Qxd4 Rxd4 24. Rxc6 Rb8 25. Rc4 Rxc4 26. dxc4 Rxb2
27. Rc1 Ne8 28. Bc6 Nc7 29. Kf1 Rb6 30. Bb5 Kf8 31. Rd1 Rb8 32. Rd7 Nxb5 33.
cxb5 Rb6 34. Ra7 h5 35. Rxa5 g5 36. Ra6 Rb7 37. Rxe6 h4 38. gxh4 gxh4 39. Rf6+
Kg7 40. Rxf5 Kg6 41. Rf3 Kg5 42. h3 Ra7 43. Ra3 Kf4 44. b6 Rd7 45. Rd3 Rb7 46.
a5 Rb8 47. Rd7 Ke5 48. b7 Ke6 49. Rh7 Kd6 50. a6 Kc6 51. a7 Rxb7 52. a8=Q 1-0

[Event "V Open Primavera"]
[Site "Como ITA"]
[Date "2010.05.13"]
[Round "5"]
[White "Croso, Marco"]
[Black "Pede, Lucio"]
[Result "1-0"]
[WhiteElo "1817"]
[BlackElo "1874"]
[PlyCount "131"]
[EventDate "2010.04.15"]

1. d4 d5 2. c4 c6 3. e3 Nf6 4. Nf3 Bg4 5. Nbd2 e6 6. Qa4 Nbd7 7. Bd3 Nb6 8. Qc2
dxc4 9. Nxc4 Bxf3 10. gxf3 Qd5 11. Ke2 Nxc4 12. Qxc4 O-O-O 13. Qxd5 Nxd5 14. a3
Be7 15. Rg1 g6 16. Rd1 Rhe8 17. Bc4 Bf8 18. Bb3 c5 19. e4 Nb6 20. Bf4 f6 21.
Rac1 Nd7 22. Ba4 e5 23. dxe5 fxe5 24. Bg5 Be7 25. Bxe7 Rxe7 26. Bxd7+ Rdxd7 27.
Rxc5+ Rc7 28. Rxc7+ Rxc7 29. Rd2 Rf7 30. Rd3 Rf4 31. Kf1 Rh4 32. Kg2 Rh5 33. h3
Kc7 34. Rd5 Kc6 35. f4 Rh4 36. Rxe5 Rxf4 37. Kg3 Rf7 38. f4 Kd6 39. Rd5+ Ke6
40. Rd3 Rc7 41. b4 Rc1 42. Kg4 Rg1+ 43. Rg3 Rc1 44. Kg5 Rc4 45. f5+ gxf5 46.
exf5+ Kf7 47. Rf3 Rc6 48. Rd3 Ke7 49. h4 b5 50. h5 h6+ 51. Kf4 Kf6 52. Rd5 Rc4+
53. Ke3 Rc3+ 54. Kd4 Rxa3 55. Rxb5 Rh3 56. Ra5 Rxh5 57. Rxa7 Rxf5 58. Ra6+ Kg7
59. Ra5 Rf1 60. b5 h5 61. b6 h4 62. Rb5 Rf8 63. b7 Rb8 64. Kc5 Kg6 65. Kc6 h3
66. Kc7 1-0

[Event "V Open Primavera"]
[Site "Como ITA"]
[Date "2010.05.13"]
[Round "5"]
[White "Ghezzi, Carlo"]
[Black "Lipari, Alberto"]
[Result "0-1"]
[WhiteElo "1688"]
[BlackElo "1559"]
[PlyCount "90"]
[EventDate "2010.04.15"]

1. e4 c5 2. Nf3 d6 3. d4 cxd4 4. Nxd4 e5 5. Nb3 Nf6 6. Bg5 Be7 7. Nc3 Be6 8.
Bxf6 Bxf6 9. Nd5 O-O 10. Bd3 Nd7 11. Qf3 Re8 12. O-O Rc8 13. Rac1 Bg5 14. Rcd1
a6 15. a4 Nf6 16. h3 Bxd5 17. Qf5 Bxb3 18. cxb3 Bh6 19. Bc4 g6 20. Qf3 Qe7 21.
Rd3 Rc5 22. Rc3 b5 23. axb5 axb5 24. Be2 Rec8 25. Rd3 Nh5 26. g3 Bc1 27. Rfd1
R8c6 28. Qg2 Bxb2 29. Bxh5 gxh5 30. Kh2 Bd4 31. Rf3 Rc3 32. Rf5 Rxb3 33. Qf1
Rc2 34. Rc1 Rxc1 35. Qxc1 Rc3 36. Qh6 Kh8 37. Rxh5 f6 38. Rf5 Qg7 39. Qh5 Qg6
40. Qe2 b4 41. Qb5 Bxf2 42. g4 Be1 43. Qb8+ Qg8 44. Qxd6 Qa2+ 45. Kg1 Rg3+ 0-1

[Event "V Open Primavera"]
[Site "Como ITA"]
[Date "2010.05.13"]
[Round "5"]
[White "Giaracuni, Claudio"]
[Black "Dal Lago, Emilio"]
[Result "1/2-1/2"]
[WhiteElo "1810"]
[BlackElo "1385"]
[PlyCount "88"]
[EventDate "2010.04.15"]

1. c4 g6 2. g3 Bg7 3. Bg2 e6 4. Nc3 Ne7 5. e3 d6 6. Nge2 a6 7. d4 Nd7 8. b3 Rb8
9. a4 b6 10. Bb2 Bb7 11. Bxb7 Rxb7 12. O-O c5 13. Ne4 d5 14. Nd6+ Kf8 15. Nxb7
Qc7 16. Nxc5 bxc5 17. Qc2 h5 18. cxd5 Nxd5 19. dxc5 Bxb2 20. Qxb2 Rh7 21. b4
Ne5 22. Nf4 h4 23. Nxd5 exd5 24. f4 Nc4 25. Qd4 hxg3 26. Qxd5 Nxe3 27. Qd6+
Qxd6 28. cxd6 Nxf1 29. Rxf1 Rxh2 30. Rd1 Ke8 31. d7+ Kd8 32. Rd6 Rb2 33. Rxa6
Rxb4 34. Rf6 Kxd7 35. Rxf7+ Ke6 36. Ra7 Kf5 37. Rf7+ Ke4 38. Kg2 Rb3 39. a5 Ra3
40. Rf6 Rxa5 41. Kxg3 g5 42. fxg5 Rxg5+ 43. Kh4 Rf5 44. Rxf5 Kxf5 1/2-1/2

[Event "V Open Primavera"]
[Site "Como ITA"]
[Date "2010.05.13"]
[Round "5"]
[White "Luppi, Dario"]
[Black "Primerano, Carlo"]
[Result "0-1"]
[WhiteElo "1739"]
[BlackElo "1758"]
[PlyCount "40"]
[EventDate "2010.04.15"]

1. d4 d5 2. Nf3 e6 3. e3 f5 4. c4 c6 5. Nc3 Nf6 6. Qc2 Bd6 7. b3 O-O 8. Bb2 Qe8
9. Bd3 Qh5 10. Be2 Qh6 11. c5 Bc7 12. b4 Nbd7 13. b5 Ne4 14. a4 Ndf6 15. a5
Nxf2 16. Rf1 N2g4 17. Nd1 Nxh2 18. Nxh2 Bxh2 19. Bf3 Bg3+ 20. Ke2 Bd7 0-1

[Event "V Open Primavera"]
[Site "Como ITA"]
[Date "2010.05.13"]
[Round "5"]
[White "Orsenigo, Davide"]
[Black "Novi', Giuseppe"]
[Result "1-0"]
[WhiteElo "1860"]
[BlackElo "1824"]
[PlyCount "75"]
[EventDate "2010.04.15"]

1. e4 e6 2. d4 d5 3. exd5 Qxd5 4. Nf3 Nf6 5. c4 Qd8 6. Nc3 c5 7. Be3 cxd4 8.
Nxd4 Be7 9. Bd3 O-O 10. O-O a6 11. Qf3 Nbd7 12. Rfd1 Ne5 13. Qe2 Nxd3 14. Rxd3
Qc7 15. b3 e5 16. Nc2 Bf5 17. Rdd1 Rad8 18. Bg5 Bg4 19. f3 Be6 20. Ne3 h6 21.
Bh4 g5 22. Bf2 Rd7 23. Rxd7 Bxd7 24. Ned5 Qd6 25. Re1 Nxd5 26. Nxd5 f6 27. Qe4
Kg7 28. Nxe7 Qxe7 29. Qxb7 Rf7 30. Qxa6 Qb4 31. c5 Qc3 32. Qb6 h5 33. a4 h4 34.
a5 h3 35. a6 hxg2 36. a7 Qxf3 37. Ra1 Bc6 38. Qxc6 1-0

[Event "V Open Primavera"]
[Site "Como ITA"]
[Date "2010.05.20"]
[Round "6"]
[White "Dal Lago, Emilio"]
[Black "Corti, Filippo"]
[Result "1-0"]
[WhiteElo "1385"]
[BlackElo "1721"]
[PlyCount "85"]
[EventDate "2010.04.15"]

1. g3 g6 2. e3 Bg7 3. Ne2 d5 4. h3 Nf6 5. d3 O-O 6. Nd2 c5 7. a3 Nc6 8. Rb1 a5
9. b3 e5 10. Bb2 d4 11. e4 Be6 12. Bg2 Qd7 13. g4 a4 14. Ng3 axb3 15. cxb3 Ne8
16. O-O Nd6 17. Nc4 Nxc4 18. bxc4 f5 19. exf5 gxf5 20. f3 fxg4 21. hxg4 Bh6 22.
Bc1 Bxc1 23. Qxc1 Qg7 24. Ne4 Ra5 25. Rb5 Rxb5 26. cxb5 Ne7 27. Qxc5 Bd5 28. g5
Bxe4 29. fxe4 Rc8 30. Qd6 Qxg5 31. Qe6+ Kh8 32. Qf6+ Qxf6 33. Rxf6 Rc3 34. Rf7
Ng6 35. Bf1 Rxa3 36. Rxb7 Nf4 37. Kh2 Nxd3 38. b6 Nc5 39. Rc7 Ra2+ 40. Kh3 Ne6
41. b7 Nf4+ 42. Kg4 h5+ 43. Kf5 1-0

[Event "V Open Primavera"]
[Site "Como ITA"]
[Date "2010.05.20"]
[Round "6"]
[White "Lipari, Alberto"]
[Black "Primerano, Carlo"]
[Result "0-1"]
[WhiteElo "1559"]
[BlackElo "1758"]
[PlyCount "80"]
[EventDate "2010.04.15"]

1. c4 e6 2. d4 Nf6 3. Bg5 Bb4+ 4. Nc3 h6 5. Bxf6 Qxf6 6. Nf3 d5 7. Ne5 O-O 8.
e3 Nd7 9. Nxd7 Bxd7 10. Qc2 c5 11. Rd1 Bc6 12. a3 Bxc3+ 13. Qxc3 Rfe8 14. Be2
dxc4 15. Qxc4 cxd4 16. Qxd4 Qxd4 17. Rxd4 Bxg2 18. Rg1 Bc6 19. h4 f6 20. Bc4
Kh8 21. Rdg4 g5 22. hxg5 hxg5 23. R1g3 e5 24. Rh3+ Kg7 25. f3 Bd7 26. Bd3 Bxg4
27. Rh7+ Kf8 28. fxg4 b6 29. Bc4 Red8 30. Rf7+ Ke8 31. Rxf6 Ke7 32. Re6+ Kd7
33. Rxe5 Rh8 34. Rxg5 Rh2 35. b3 Kd6 36. Rd5+ Kc7 37. g5 Re8 38. Rd3 Re5 39. g6
Rg5 40. g7 Rg1# 0-1

[Event "V Open Primavera"]
[Site "Como ITA"]
[Date "2010.05.20"]
[Round "6"]
[White "Nastasi, Ivano"]
[Black "Ghezzi, Carlo"]
[Result "1-0"]
[WhiteElo "1705"]
[BlackElo "1688"]
[PlyCount "67"]
[EventDate "2010.04.15"]

1. d4 g6 2. c4 Bg7 3. e4 d6 4. Nc3 Nf6 5. Nf3 Bg4 6. Be2 O-O 7. O-O Qc8 8. Bg5
c5 9. Bxf6 Bxf6 10. Nd5 Nd7 11. e5 e6 12. Nxf6+ Nxf6 13. exf6 Qd8 14. dxc5 Qxf6
15. Qd4 Qxd4 16. Nxd4 Bxe2 17. Nxe2 dxc5 18. Nc3 Kg7 19. Rad1 Rfd8 20. Rxd8
Rxd8 21. Rd1 Rd4 22. Rxd4 cxd4 23. Nb5 e5 24. Nxa7 f5 25. Nb5 Kf6 26. f4 d3 27.
fxe5+ Kxe5 28. Kf2 Ke4 29. Nd6+ Kd4 30. c5 Kxc5 31. Nxb7+ Kd4 32. Na5 g5 33.
Nb3+ Kc4 34. Nd2+ 1-0

[Event "V Open Primavera"]
[Site "Como ITA"]
[Date "2010.05.20"]
[Round "6"]
[White "Novi', Giuseppe"]
[Black "Giaracuni, Claudio"]
[Result "1-0"]
[WhiteElo "1824"]
[BlackElo "1810"]
[PlyCount "101"]
[EventDate "2010.04.15"]

1. e4 c5 2. Bc4 e6 3. Nc3 a6 4. a4 Qc7 5. Nf3 d6 6. O-O Nf6 7. Re1 Nbd7 8. d4
cxd4 9. Qxd4 Be7 10. Bb3 O-O 11. Bg5 b6 12. Bh4 Bb7 13. Rad1 Rfd8 14. Bg3 Nc5
15. Ba2 Nh5 16. Bh4 Bxh4 17. Nxh4 Rac8 18. Re3 Nf6 19. Rd2 Qc6 20. Rde2 e5 21.
Qb4 a5 22. Qc4 Ne6 23. Qxc6 Bxc6 24. f3 Nd4 25. Rd2 g5 26. Nf5 Nxf5 27. exf5
Rd7 28. b3 h5 29. Ne4 Nxe4 30. fxe4 f6 31. b4+ d5 32. b5 Bb7 33. exd5 Kf8 34.
Rh3 h4 35. g3 Rc3 36. Kg2 Rdc7 37. Bb3 e4 38. gxh4 e3 39. Re2 Rxb3 40. cxb3
Bxd5+ 41. Kg3 gxh4+ 42. Rxh4 Rc3 43. Rd4 Bxb3 44. Kf4 Rc4 45. Rxc4 Bxc4 46.
Rxe3 Kf7 47. h4 Kg7 48. Re6 Bb3 49. Rxb6 Bxa4 50. Rb7+ Kh6 51. b6 1-0

[Event "V Open Primavera"]
[Site "Como ITA"]
[Date "2010.05.20"]
[Round "6"]
[White "Orsenigo, Davide"]
[Black "Croso, Marco"]
[Result "0-1"]
[WhiteElo "1860"]
[BlackElo "1817"]
[PlyCount "58"]
[EventDate "2010.04.15"]

1. e4 c5 2. Nf3 a6 3. d4 cxd4 4. Nxd4 Nf6 5. Nc3 e5 6. Nb3 Bb4 7. Bd3 Bxc3+ 8.
bxc3 Qc7 9. c4 d6 10. O-O O-O 11. Bd2 Be6 12. Bb4 Rd8 13. c5 Bxb3 14. axb3 dxc5
15. Bd2 Nc6 16. Bg5 Rd6 17. Qf3 h6 18. Bh4 Rad8 19. Qg3 g5 20. Bxg5 hxg5 21.
Qxg5+ Kh8 22. f4 Nh7 23. Qh5 Rg6 24. Rf3 Rdg8 25. Rh3 Rxg2+ 26. Kh1 R8g7 27.
Qf5 R2g6 28. Qh5 Qa5 29. Rxa5 Rg1# 0-1

[Event "V Open Primavera"]
[Site "Como ITA"]
[Date "2010.05.20"]
[Round "6"]
[White "Pede, Lucio"]
[Black "Luppi, Dario"]
[Result "0-1"]
[WhiteElo "1874"]
[BlackElo "1739"]
[PlyCount "80"]
[EventDate "2010.04.15"]

1. e4 e6 2. d4 d5 3. Nd2 Nf6 4. e5 Nfd7 5. Ngf3 c5 6. c3 Nc6 7. Bd3 Qb6 8. Qb3
Qxb3 9. axb3 cxd4 10. cxd4 Bb4 11. O-O O-O 12. Nb1 f6 13. exf6 gxf6 14. Nc3 Nb6
15. Ne2 Bd7 16. Bd2 a6 17. Bc3 Bd6 18. Ng3 Be8 19. Rfe1 Bf7 20. Re2 Nb4 21. Bc2
Nxc2 22. Rxc2 Rfe8 23. Ba5 Nd7 24. h3 Nb8 25. Nh2 Nc6 26. Bc3 Bxg3 27. fxg3 e5
28. Ng4 Re6 29. dxe5 fxe5 30. Re2 d4 31. Bd2 Bh5 32. Re4 Bxg4 33. Rxg4+ Rg6 34.
Rxg6+ hxg6 35. Kf2 Kf7 36. Kf3 Ke6 37. Ke4 Rf8 38. g4 Rf2 39. Kd3 e4+ 40. Kc2
d3+ 0-1

[Event "XXXI Moglianoscacchi C"]
[Site "Mogliano Veneto ITA"]
[Date "2010.04.30"]
[Round "1"]
[White "Aprile, Massimo"]
[Black "Testolin, Marco"]
[Result "1-0"]
[WhiteElo "1476"]
[BlackElo "1386"]
[PlyCount "51"]
[EventDate "2010.04.30"]

1. e4 e5 2. Nf3 Nc6 3. Bb5 d6 4. c3 Bd7 5. O-O Nf6 6. Re1 Be7 7. d4 Bg4 8. d5
Bxf3 9. Qxf3 Qd7 10. dxc6 bxc6 11. Bc4 O-O 12. Bg5 h6 13. Bxf6 Bxf6 14. Nd2 Bg5
15. Rad1 Rab8 16. b4 Rfd8 17. Nf1 Qe7 18. Ne3 Bxe3 19. Rxe3 Re8 20. Qf5 Rf8 21.
Rg3 g6 22. Rxg6+ Kh7 23. Re6+ Kg7 24. Rxe7 Rg8 25. Rxf7+ Kh8 26. Qh7# 1-0

[Event "XXXI Moglianoscacchi C"]
[Site "Mogliano Veneto ITA"]
[Date "2010.04.30"]
[Round "1"]
[White "Ballico, Sergio"]
[Black "Serradura, Gianluca"]
[Result "0-1"]
[WhiteElo "1461"]
[BlackElo "1358"]
[PlyCount "92"]
[EventDate "2010.04.30"]

1. e4 d6 2. d4 e5 3. d5 Nf6 4. Nc3 Nbd7 5. b4 c6 6. Bc4 Be7 7. a3 O-O 8. Nf3 a6
9. Be3 Nb6 10. Bb3 Ng4 11. Qd2 Nxe3 12. Qxe3 Nd7 13. Ne2 a5 14. O-O Qc7 15. c4
c5 16. b5 a4 17. Bd1 Nf6 18. Ng3 g6 19. h3 h5 20. Nh2 Nh7 21. f4 exf4 22. Qxf4
Bg5 23. Qf3 Qe7 24. Bc2 Qe5 25. Ra2 Qd4+ 26. Rf2 Be3 27. Nhf1 Bxf2+ 28. Qxf2
Qxc4 29. Rb2 b6 30. Ne2 Ng5 31. Qf4 Qxe2 32. Qxg5 Qe1 33. Qf4 Qc3 34. Ra2 Qe5
35. Qh4 Bd7 36. Bd3 Qd4+ 37. Rf2 Qxd3 38. Qe7 Bxb5 39. Qxd6 Qxa3 40. Qxb6 Bxf1
41. Rxf1 Qe3+ 42. Kh1 Qxe4 43. Qxc5 a3 44. Ra1 Rac8 45. Qd6 Rc2 46. Rxa3 Qxg2#
0-1

[Event "XXXI Moglianoscacchi C"]
[Site "Mogliano Veneto ITA"]
[Date "2010.04.30"]
[Round "1"]
[White "Barp, Alberto"]
[Black "Rossi, Aldo V."]
[Result "0-1"]
[WhiteElo "1491"]
[BlackElo "1398"]
[PlyCount "112"]
[EventDate "2010.04.30"]

1. d4 Nf6 2. c4 g6 3. Nc3 Bg7 4. Bf4 d6 5. e3 O-O 6. h3 Nbd7 7. Nf3 Re8 8. Be2
b6 9. O-O Bb7 10. Qd3 e5 11. dxe5 dxe5 12. Bg5 e4 13. Qd1 exf3 14. Bxf3 Bxf3
15. Qxf3 Ne5 16. Qe2 Qd3 17. Qxd3 Nxd3 18. Rab1 Ne4 19. Nxe4 Rxe4 20. b3 h6 21.
Rfd1 Nc5 22. Bf4 Rc8 23. Kf1 Ree8 24. b4 Ne4 25. Rd7 Red8 26. Rbd1 Rxd7 27.
Rxd7 Nd6 28. c5 Ne8 29. cxb6 axb6 30. Ke2 c5 31. bxc5 bxc5 32. a4 Ra8 33. a5
Nf6 34. Rd6 Rxa5 35. Bxh6 Bxh6 36. Rxf6 Bg7 37. Rc6 Kf8 38. Kd3 Ke8 39. Kc4 Bf8
40. g4 Kd7 41. Rf6 Ke8 42. Rb6 Ra4+ 43. Kb3 Rb4+ 44. Rxb4 cxb4 45. f3 Kd7 46.
Kc4 Ke6 47. h4 f6 48. f4 f5 49. gxf5+ Kxf5 50. Kd4 Be7 51. Kc4 Ke4 52. Kb3 Kxe3
53. f5 gxf5 54. h5 f4 55. h6 f3 56. h7 Bf6 0-1

[Event "XXXI Moglianoscacchi C"]
[Site "Mogliano Veneto ITA"]
[Date "2010.04.30"]
[Round "1"]
[White "Borghi, Bruno"]
[Black "Lorenzon, Luigi"]
[Result "0-1"]
[WhiteElo "1523"]
[BlackElo "1440"]
[PlyCount "74"]
[EventDate "2010.04.30"]

1. e4 c5 2. d4 cxd4 3. c3 d6 4. cxd4 Nf6 5. Nc3 a6 6. Nf3 e6 7. Be2 Be7 8. Be3
b5 9. a3 Bb7 10. e5 dxe5 11. dxe5 Nfd7 12. O-O O-O 13. Qc2 Nc6 14. Rad1 Qc7 15.
Bf4 Ndxe5 16. Kh1 f6 17. Qb3 Qc8 18. Rfe1 Kh8 19. Bf1 Nxf3 20. gxf3 e5 21. Nd5
Nd4 22. Rxd4 Bc5 23. Rd2 exf4 24. Nxf4 Qg4 25. Nd5 Qf5 26. Bg2 Rad8 27. Red1
Qh5 28. Nf4 Qh4 29. Rxd8 Qxf4 30. Rxf8+ Bxf8 31. Qf7 Qb8 32. Rd7 Bc6 33. Rc7
Qd8 34. Bf1 Bxf3+ 35. Kg1 Qa8 36. Qd7 Qe4 37. Rc8 Qg6+ 0-1

[Event "XXXI Moglianoscacchi C"]
[Site "Mogliano Veneto ITA"]
[Date "2010.04.30"]
[Round "1"]
[White "Bottazzi, Leonardo"]
[Black "Caruso, Gaetano"]
[Result "1/2-1/2"]
[WhiteElo "1436"]
[BlackElo "1502"]
[PlyCount "57"]
[EventDate "2010.04.30"]

1. d4 Nf6 2. c4 g6 3. Nc3 Bg7 4. e4 d6 5. Nf3 O-O 6. Be2 Nc6 7. O-O Bg4 8. h3
Bxf3 9. Bxf3 e5 10. Ne2 Re8 11. Bg5 h6 12. Bh4 g5 13. Bg3 Nd7 14. d5 Nd4 15.
Bg4 Nc5 16. Nc3 a5 17. Qd2 Rb8 18. Nb5 Nxe4 19. Qxa5 b6 20. Qa4 Ra8 21. Qd1 Nf6
22. Nxd4 exd4 23. Be2 Nd7 24. Qd2 Nc5 25. Rae1 Rxa2 26. f4 Ne4 27. Qd3 Rxb2 28.
Bh5 Nxg3 29. Qxg3 1/2-1/2

[Event "XXXI Moglianoscacchi C"]
[Site "Mogliano Veneto ITA"]
[Date "2010.04.30"]
[Round "1"]
[White "Buso, Gianluca"]
[Black "Zamprogno, Giacomo"]
[Result "1-0"]
[WhiteElo "1395"]
[BlackElo "1491"]
[PlyCount "61"]
[EventDate "2010.04.30"]

1. e4 c5 2. Nf3 d6 3. d4 cxd4 4. Nxd4 Nf6 5. Nc3 a6 6. f3 e6 7. Bc4 b5 8. Bb3
Bb7 9. Be3 Nbd7 10. Qd2 Be7 11. O-O-O Ne5 12. g4 Rc8 13. h4 Qd7 14. h5 Qd8 15.
g5 Nfd7 16. g6 fxg6 17. hxg6 Nxg6 18. Nxe6 Qa5 19. Nxg7+ Kf8 20. Ne6+ Ke8 21.
Ng7+ Kd8 22. Bg5 Rc5 23. Bxe7+ Nxe7 24. Ne6+ Ke8 25. Rdg1 Ne5 26. Rg7 Nxf3 27.
Rxe7+ Kxe7 28. Nd5+ Kxe6 29. Qxa5 Ke5 30. Rh5+ Kxe4 31. Qb4+ 1-0

[Event "XXXI Moglianoscacchi C"]
[Site "Mogliano Veneto ITA"]
[Date "2010.04.30"]
[Round "1"]
[White "Caoduro, Giacomo"]
[Black "Vuckovic, Dimitrije"]
[Result "0-1"]
[WhiteElo "1452"]
[BlackElo "1577"]
[PlyCount "106"]
[EventDate "2010.04.30"]

1. d4 Nf6 2. c4 g6 3. Nc3 Bg7 4. e4 d6 5. f3 O-O 6. g4 Nc6 7. h4 h5 8. g5 Nd7
9. d5 Nce5 10. Be2 Nc5 11. Be3 c6 12. Bxc5 dxc5 13. Qd2 Qb6 14. Nh3 f5 15. f4
Ng4 16. e5 cxd5 17. Nxd5 Qd8 18. Rd1 Be6 19. Qc3 Bxd5 20. cxd5 Qb6 21. Bc4 Kh7
22. d6 exd6 23. Rxd6 Qxd6 24. exd6 Bxc3+ 25. bxc3 Rad8 26. Bd5 Rxd6 27. Bxb7
Re8+ 28. Kf1 Rd3 29. Nf2 Nxf2 30. Kxf2 Rxc3 31. Rd1 Re7 32. Bd5 Rc2+ 33. Kf3
Rce2 34. Rd3 Re1 35. Kg2 R7e3 36. Rd2 R1e2+ 37. Rxe2 Rxe2+ 38. Kf3 Re7 39. Bc4
a5 40. Bd3 Kg7 41. Bc4 Kf8 42. Bb5 Kf7 43. Bc4+ Ke8 44. Bb5+ Kd8 45. Bc4 Kc7
46. Bb5 Kd6 47. Bc4 a4 48. Bb5 a3 49. Bc4 Kc6 50. Bb3 Kb5 51. Bc2 Kb4 52. Bd3
c4 53. Bc2 Kc3 0-1

[Event "XXXI Moglianoscacchi C"]
[Site "Mogliano Veneto ITA"]
[Date "2010.04.30"]
[Round "1"]
[White "Caverzan, Marco"]
[Black "Buranelli, Matteo"]
[Result "0-1"]
[WhiteElo "1410"]
[BlackElo "1497"]
[PlyCount "48"]
[EventDate "2010.04.30"]

1. e4 e5 2. Nf3 Nc6 3. d4 exd4 4. Bc4 Be7 5. c3 Na5 6. Qxd4 Nxc4 7. Qxc4 d6 8.
O-O Nf6 9. Rd1 Bg4 10. Qe2 O-O 11. Bg5 Nd7 12. Bxe7 Qxe7 13. Nbd2 Rad8 14. h3
Be6 15. e5 Nxe5 16. Nxe5 dxe5 17. Qxe5 Rd5 18. Qe3 Rfd8 19. Rac1 Qd7 20. Qxa7
Rxd2 21. Rf1 b6 22. Qa3 Qd3 23. Qe7 Qf5 24. Rfd1 Qxf2+ 0-1

[Event "XXXI Moglianoscacchi C"]
[Site "Mogliano Veneto ITA"]
[Date "2010.04.30"]
[Round "1"]
[White "Dal Bianco, Nicola"]
[Black "Stradiotto, Angelo"]
[Result "1-0"]
[WhiteElo "1582"]
[BlackElo "1461"]
[PlyCount "77"]
[EventDate "2010.04.30"]

1. c4 Nf6 2. Nc3 g6 3. e4 d6 4. d4 Bg7 5. Nf3 Bg4 6. Be2 O-O 7. Be3 Nbd7 8. b4
c5 9. Rb1 cxb4 10. Rxb4 Qa5 11. Qb3 Rac8 12. O-O Qh5 13. Rb1 a6 14. Rxb7 Rb8
15. Qa4 a5 16. R1b5 e5 17. Rxb8 Rxb8 18. Rxb8+ Nxb8 19. d5 Nbd7 20. Qxa5 Bh6
21. Qa7 Bf4 22. Bxf4 exf4 23. Nd4 Bxe2 24. Ndxe2 g5 25. f3 Kg7 26. Qf2 Ne5 27.
Qd4 Qh4 28. Qf2 Qh6 29. Nc1 Nxc4 30. Nb5 Ne8 31. Nd4 Ne3 32. Qb2 Kg6 33. Nd3 g4
34. a4 g3 35. h3 Nd1 36. Qb8 Nf2 37. Nf5 Qg5 38. h4 Qf6 39. Nxf4# 1-0

[Event "XXXI Moglianoscacchi C"]
[Site "Mogliano Veneto ITA"]
[Date "2010.04.30"]
[Round "1"]
[White "De Col, Daniele"]
[Black "Bergamasco, Tommaso"]
[Result "0-1"]
[WhiteElo "1466"]
[BlackElo "1374"]
[PlyCount "78"]
[EventDate "2010.04.30"]

1. Nf3 d5 2. c3 Nc6 3. d4 Nf6 4. g3 a6 5. Bg2 Bf5 6. Nbd2 e6 7. O-O Bd6 8. Re1
O-O 9. h3 Ne7 10. Nf1 c5 11. Nh4 Bg6 12. Nxg6 fxg6 13. Nh2 Qb6 14. Qc2 cxd4 15.
cxd4 Qxd4 16. Be3 Rac8 17. Qb3 Qb4 18. Qxb4 Bxb4 19. Red1 Nf5 20. Bf4 Rc2 21.
a3 Ba5 22. b4 Bb6 23. Bf3 Rfc8 24. Rac1 h6 25. g4 Nh4 26. Nf1 Nxf3+ 27. exf3
Bxf2+ 28. Kh1 g5 29. Bd2 Rxc1 30. Bxc1 Rc2 31. Ne3 Bxe3 32. Bxe3 e5 33. Bd2 Rc4
34. Kg2 d4 35. Re1 Rc2 36. Re2 d3 37. Rf2 Nd5 38. Kg3 Nc3 39. Kh2 Nb1 0-1